Escuela de derecho ambiental Homenaje a Gloria Amparo Rodrg̕uez /

Detalles Bibliográficos
Autor principal: Gm̤ez Rey, Andrš
Otros Autores: Vargas-Chaves, Ivǹ, Ibę̀z-Elam, Adolfo
Formato: eBook
Lenguaje:español
Publicado: Bogot:̀ Editorial Universidad de Rosario (Colombia), 2020
Materias:
Acceso en línea:Acceso restringido

MARC

LEADER 00000nam a22000007a 4500
005 20200922004018.0
007 cr|||| ||||
008 200922s2020 co |||||s|||| 00||0 spa d
020 |a 978-958-784-393-4 
035 |a 32081 
040 |a vLex 
090 |c 10754  |d 10754 
100 1 |a Gm̤ez Rey, Andrš 
245 1 0 |a Escuela de derecho ambiental  |h [Recurso electrn̤ico] :  |b Homenaje a Gloria Amparo Rodrg̕uez /  |c Andrš Gm̤ez Rey, Ivǹ Vargas-Chaves, Adolfo Ibę̀z-Elam 
256 |a Servicio en ln̕ea 
260 |a Bogot:̀  |b Editorial Universidad de Rosario (Colombia),  |c 2020 
300 |a 1 recurso electrn̤ico 
500 |a Esta obra colectiva recopila textos sobre temas comunes a la teora̕, la gestin̤ y el derecho ambiental, elaborados por acadm̌icos allegados a la Escuela de Derecho Ambiental de la Universidad del Rosario, y nace del interš de rendir homenaje a la profesora Gloria Amparo Rodrg̕uez, quien con apoyo, generosidad y grandeza ha contribuido a la construccin̤ del derecho ambiental en Colombia y Latinoamřica. Al mismo tiempo, busca dar cuenta de los aportes de esta Escuela de Derecho Ambiental y propiciar un dil̀ogo en temas relacionados con la proteccin̤ del ambiente como interš jurd̕ico superior. La pertinencia de este libro se justifica en la trayectoria de Gloria Amparo Rodrg̕uez, marcada por sus aportes significativos al estudio del derecho ambiental y el derecho de los pueblos indg̕enas; pero tambiň por un gran corazn̤ que, acompaądo de una generosidad inconmensurable, deja hoy una huella imborrable en todos sus hijos acadm̌icos. Adems̀, su rigor acadm̌ico se ve reflejado en la recepcin̤ que han tenido los aportes de todos quienes nos hemos forjado en su Escuela de Derecho Ambiental. 
506 1 |a Disponible solo en los productos indicados  |d vLex Global  |d vLex Global (Academic Edition, excluding Law Schools)  |d vLex Global (U.S. Academic Edition, Law Schools)  |d vLex Global (U.S. Academic Edition, excluding Law Schools)  |d vLex Global (Academic Edition, Law Schools) 
650 0 4 |a Derecho del Medio Ambiente  |z Colombia 
700 1 |a Vargas-Chaves, Ivǹ 
700 1 |a Ibę̀z-Elam, Adolfo 
740 0 |a vLex Libros (Servicio en ln̕ea) 
856 4 0 |u http://vlex.com/source/escuela-de-derecho-ambiental-homenaje-a-gloria-amparo-rodriguez-32081  |z Acceso restringido 
942 |c BOOK 
999 0 |a Environmental Law